000 00288nam a2200121Ia 4500
008 190216s9999||||xx |||||||||||||| ||und||
100 _aLenin V I
245 0 _aCollected Works
260 _b"Progress Publishers, Moscow"
_c1967
300 _a483p
650 _aWorld History
942 _cBK
999 _c18836
_d18836